Digital signal processing laboratory using MATLAB / (Record no. 188889)

000 -LEADER
fixed length control field 01239 a2200229 4500
003 - CONTROL NUMBER IDENTIFIER
control field NUST
005 - DATE AND TIME OF LATEST TRANSACTION
control field 20230727101413.0
010 ## - LIBRARY OF CONGRESS CONTROL NUMBER
LC control number 2001275345
020 ## - INTERNATIONAL STANDARD BOOK NUMBER
International Standard Book Number 0072322462 (manual)
020 ## - INTERNATIONAL STANDARD BOOK NUMBER
International Standard Book Number 0072327219 (disk)
020 ## - INTERNATIONAL STANDARD BOOK NUMBER
International Standard Book Number 0072328762 (package)
035 ## - SYSTEM CONTROL NUMBER
System control number (OCoLC)ocm41525223
040 ## - CATALOGING SOURCE
Transcribing agency Nust
082 00 - DEWEY DECIMAL CLASSIFICATION NUMBER
Classification number 621.3822,MIT
100 1# - MAIN ENTRY--PERSONAL NAME
Personal name Mitra, Sanjit Kumar.
9 (RLIN) 83385
245 10 - TITLE STATEMENT
Title Digital signal processing laboratory using MATLAB /
Statement of responsibility, etc. Sanjit K. Kumar.
260 ## - PUBLICATION, DISTRIBUTION, ETC.
Place of publication, distribution, etc. Boston :
Name of publisher, distributor, etc. WCB/McGraw-Hill,
Date of publication, distribution, etc. c1999.
300 ## - PHYSICAL DESCRIPTION
Extent ix, 230 p. ;
Other physical details ill. ;
Dimensions 24 cm. +
Accompanying material 1 computer disk.
505 ## - FORMATTED CONTENTS NOTE
Formatted contents note Discrete-Time Signals in the Time-Domain (Page-1),Discrete-Time Systems in the Time-Domain (Page-17),Discrete-Time Signals in the Frequency-Domain (Page-33),LTI Discrete-Time Systems in the Frequency-Domain (Page-53),Digital Signal Processing of Continuous-Time Signals (Page-71),Digital Filter Structures (Page-89),Digital Filter Design. (Page-107),Digital Filter Implementation(Page-127),Analysis of Finite Word-Length Effects. (Page-145), Multirate Digital Signal Processing(Page-167),Advanced Projects. (Page-185).
650 #0 - SUBJECT ADDED ENTRY--TOPICAL TERM
Topical term or geographic name entry element Signal processing
General subdivision Digital techniques
-- Mathematics
-- Computer programs.
9 (RLIN) 113856
942 ## - ADDED ENTRY ELEMENTS (KOHA)
Source of classification or shelving scheme
Koha item type Book
Call number prefix 621.3822,MIT
Holdings
Withdrawn status Lost status Source of classification or shelving scheme Damaged status Not for loan Permanent Location Current Location Shelving location Date acquired Full call number Barcode Date last seen Price effective from Koha item type Public note Collection code Total Checkouts
          Military College of Signals (MCS) Military College of Signals (MCS) General Stacks 12/12/2016 621.3822,MIT MCS28847 12/08/2016 12/12/2016 Book Almirha No 83, Shelf No 3    
          Military College of Signals (MCS) Military College of Signals (MCS)   12/12/2016 621.3822 MIT MCSEB-3053 12/08/2016 12/12/2016 Book      
© 2023 Central Library, National University of Sciences and Technology. All Rights Reserved.